| 000 | 00470 a2200157 4500 | ||
|---|---|---|---|
| 001 | 156789 | ||
| 020 | _a9788526024366 | ||
| 040 | _cEscola São Tomás de Aquino | ||
| 100 | _aBRANDÃO, Ignácio de Loyola | ||
| 240 | 1 | 0 |
_aDesta terra nada vai sobrar, a não ser o vento que sopra sobre ela _lpor |
| 245 | 1 | 0 | _aDesta terra nada vai sobrar, a não ser o vento que sopra sobre ela |
| 300 | _a376 p. | ||
| 362 | 0 | _a2018 | |
| 697 | _aLITERATURA BRASILEIRA | ||
| 942 | _cBK | ||
| 999 |
_c156789 _d156789 |
||